| 000 | 00338nam a2200133Ia 4500 | ||
|---|---|---|---|
| 008 | 220204s9999 xx 000 0 und d | ||
| 082 |
_a632.9 _bMUN |
||
| 100 | _aMUNRO, J W | ||
| 245 | 0 | _aPests of stored products | |
| 260 |
_aLondon _bHutchinson _c1966 |
||
| 490 | _aThe Rentokil library | ||
| 650 | _aStored products pests | ||
| 942 | _cBK | ||
| 999 |
_c26588 _d26588 |
||